Szczegóły MARC21

Historia filozofii. T. 1, Filozofia starożytna i średniowieczna /

003 -Nazwa inst., której nr kontr. jest w polu 001 [,]
    • @
    • Nazwa instytucji, której n kontrolny jest w polu 001
    • NUKAT
005 -DATA I CZAS OSTATNIEJ MODYFIKACJI [,]
    • @
    • pole kontrolne
    • 20241231105309.0
040 -Instytucja sporządzająca opis [ , ]
    • a
    • Instytucja, która sporządziła opis (NP)
    • TOR U/GS
    • c
    • Instytucja, która sporządziła rekord (NP)
    • TOR U/GS
    • d
    • Instytucja, która zmodyfikowała rekord (P)
    • TOR U/AP
    • d
    • Instytucja, która zmodyfikowała rekord (P)
    • GD 015/EOs
    • d
    • Instytucja, która zmodyfikowała rekord (P)
    • KR U/21MgM
    • d
    • Instytucja, która zmodyfikowała rekord (P)
    • KR U/50GK
    • d
    • Instytucja, która zmodyfikowała rekord (P)
    • KR U/04BAS
041 -Język dokumentu [1, ]
    • a
    • Język tekstu (P)
    • polski
    • h
    • Język tekstu oryginalnego i/lub pośredniego (P)
    • rosyjski
942 -Rodzaj dokumentu [ , ]
    • c
    • Rodzaj dokumentu
    • Książka
245 -Strefa tytułu i oznaczenia odpowiedzialności [0,0]
    • a
    • Tytuł
    • Historia filozofii. Find
    • n
    • Oznaczenie części (P)
    • T. 1,
    • n
    • Oznaczenie części (P)
    • Filozofia starożytna i średniowieczna /
    • c
    • Pozostałe elementy strefy tytułu i oznaczenia odpowiedzialności (NP)
    • tł. z ros. ; [pod red. G. F. Aleksandrowa et al. ; w przygotowaniu I t. "Historii filozofii" udział wzięli: G. F. Alekasndrow et al. ; tł. Aleksander Neyman, Roman Korab-Żebryk, Bogdan Kupis].
246 -Wariant tytułu [3,0]
    • a
    • Tytuł (NP)
    • Filozofia starożytna i średniowieczna
246 -Wariant tytułu [1, ]
    • i
    • Tekst wyświetlany na ekranie monitora (NP)
    • Tyt. oryg.:
    • a
    • Tytuł (NP)
    • Istoriâ filosofii
260 -Strefa adresu wydawniczego [ , ]
    • a
    • Miejsce wydania (P)
    • Warszawa :
    • b
    • Nazwa wydawcy (P)
    • Książka i Wiedza,
    • c
    • Data wydania (P)
    • 1961.
300 -Strefa opisu fizycznego [ , ]
    • a
    • Określenie formy książki i/lub objętość (NP)
    • 567, [1] s., [20] k. tabl. ;
    • c
    • Format (NP)
    • 24 cm.
336 -Typ zawartości [ , ]
    • a
    • Termin opisujący typ zawartości
    • Tekst
    • b
    • Kod określający zawartość
    • txt
    • 2
    • Źródło (terminu i kodu)
    • rdacontent
337 -Typ mediów [ , ]
    • a
    • Tryb odtwarzania
    • Bez urządzenia pośredniczącego
    • b
    • Kod typu mediów
    • n
    • 2
    • Źródło (terminu i kodu)
    • rdamedia
338 -Typ/rodzaj nośnika [ , ]
    • a
    • Hasło opisujące typ nośnika
    • Wolumin
    • b
    • Kod typu nośnika
    • nc
    • 2
    • Źródło (terminu i kodu)
    • rdacarrier
504 -Uwaga dot. bibliogr. załącznikowej [ , ]
    • a
    • Uwaga dot. bibliografii załącznikowej
    • Indeks.
080 -Uniwersalna Klasyfikacja Dziesiętna [ , ]
    • 2
    • Identyfikator wydania tablic
    • UDC-P022
    • a
    • Symbol klasyfikacji
    • 1(091)
    • b
    • Dopowiedzenie
    • Historia filozofii.
650 -Hasło przedmiotowe [ ,7]
    • a
    • Hasło przedmiotowe
    • Filozofia
    • x
    • Określnik rzeczowy
    • historia.
    • 2
    • Źródło terminu
    • kaba
    • 9
    • KHW
    • 108698
980 -Symbol UKD [ , ]
    • a
    • UKD
    • 1(091)
700 -Hasło dodatkowe - nazwa osobowa [1, ]
    • a
    • Nazwa osobowa (NP)
    • Aleksandrov, Georgij Fëdorovič Find
    • d
    • Daty biograficzne (NP)
    • (1908-1961).
    • e
    • Określenie rodzaju współpracy
    • Red.
    • 9
    • KHW
    • 86460
700 -Hasło dodatkowe - nazwa osobowa [1, ]
    • a
    • Nazwa osobowa (NP)
    • Neyman, Aleksander. Find
    • e
    • Określenie rodzaju współpracy
    • Tł.
    • 9
    • KHW
    • 492946
700 -Hasło dodatkowe - nazwa osobowa [1, ]
    • a
    • Nazwa osobowa (NP)
    • Korab-Żebryk, Roman Find
    • d
    • Daty biograficzne (NP)
    • (1916-2004).
    • e
    • Określenie rodzaju współpracy
    • Tł.
    • 9
    • KHW
    • 240516
700 -Hasło dodatkowe - nazwa osobowa [1, ]
    • a
    • Nazwa osobowa (NP)
    • Kupis, Bogdan. Find
    • e
    • Określenie rodzaju współpracy
    • Tł.
    • 9
    • KHW
    • 98482
710 -Hasło dodatkowe - nazwa ciała zbiorowego [2, ]
    • a
    • Nazwa ciała zbiorowego lub nazwa geograficzna jako pierwszy element (NP)
    • Spółdzielnia Wydawniczo-Handlowa "Książka i Wiedza".
    • 4
    • Kod relacji
    • pbl
    • 9
    • KHW
    • 52004
Numer inwentarzowy Sygnatura Uwagi nie widoczne w OPAC Status udost. Lokalizacja Data inwentaryzacji
E.7862 T.1-2 na jednym numerze inwentarzowym E.7862-6BE 
E.7861 T.1-2 na jednym numerze inwentarzowym E.7861-6BE 
E.7863 T.1-2 na jednym numerze inwentarzowym E.7863-6BE 
E.7864 T.1-2 na jednym numerze inwentarzowym E.7864-6BE 
E.7865 T.1-2 na jednym numerze inwentarzowym E.7865-6BE 
E.7866 T.1-2 na jednym numerze inwentarzowym E.7866-6BE 
E.7867 T.1-2 na jednym numerze inwentarzowym E.7867-6BE 
E.7868 T.1-2 na jednym numerze inwentarzowym E.7868-6BE 
E.7869 T.1-2 na jednym numerze inwentarzowym E.7869-6BE 
E.7871 T.1-2 na jednym numerze inwentarzowym E.7871-6BE 
E.7870 T.1-2 na jednym numerze inwentarzowym E.7870-6BE 
E.7872 T.1-2 na jednym numerze inwentarzowym E.7872-6BE 
E.7902  -6BE 
H.16497  1BNS2007-09-24
ANS.636361.2/H-69 1BNS 
ANS.636371.2/H-69 1BNS 
ANS.636381.2/H-69 1BNS